| 000 | 004470000a22001810004500 | ||
|---|---|---|---|
| 003 | MACL | ||
| 005 | 20150919175523.0 | ||
| 008 | 150919b xxu||||| |||| 00| 0 eng d | ||
| 040 |
_aMACL _cMACL |
||
| 041 | _aEnglish | ||
| 082 | _a826/BRE | ||
| 100 |
_aBrecht, Bertolt _912209 |
||
| 245 | _aLove Diary of A Great Poet 1920-1922 | ||
| 260 |
_bRadha Krishna _c1979 _aNew Delhi |
||
| 350 | _a100 | ||
| 650 |
_aLetters _912210 |
||
| 942 |
_cBK _k826 _2ddc |
||
| 999 |
_c4085 _d4085 |
||